000
00321nam a22001457a 4500
008
230831b ||||| |||| 00| 0 eng d
020
_a
9781413020328
041
_a
eng
080
_a
070
082
_a
070SAN
100
_a
19
101
_a
MK
245
_a
ACTIVE SKILLS FOR COMMUNICATION
_c
SANDY.CH
942
_2
udc
_c
BK
999
_c
60217
_d
60217